000 00768nam a22002177a 4500
003 UA-OsUOA
001 42621
007 ta
008 20090302b un ||||| |||| 00| 0 ukr d
090 _a94(477).152(К)
_bЮ14
942 _cBK
040 _aUA-OsUOA
_bukr
_cUA-OsUOA
_dUA-OsUOA
245 _aЮвілейна книжка Союзу української молоді Канади
_bЗ нагоди 25-ліття громадської праці першої організації української молоді в Канаді 1931-1956
300 _a222 с.
955 _a4
041 _aukr
080 _a94(477).152(К)
260 _aВінніпег
_c1956
650 7 _a9 Географія. Біографії. Історія
_2UDC
999 _c441119
_d441119